| 000 | 01572cad a22002415a 4500 | ||
|---|---|---|---|
| 001 | E147473 | ||
| 008 | 090514s2009 xxkao f 000 0 eng d | ||
| 035 | _a(Sirsi) u147473 | ||
| 041 | 0 | _aeng | |
| 050 | 0 | 4 | _a627.4 $2 18 |
| 110 | 2 |
_aScottish Environment Protection Agency _93523 |
|
| 245 | 0 | 0 |
_aPreparing for flooding _ba guide for small and medium sized businesses in Scotland _h[electronic resource] |
| 260 |
_a[Stirling] _bSEPA _c[2009] |
||
| 505 | 2 | _aIntroduction -- Assessing the risk of flooding to your business -- Receiving advance warning of flooding -- Flooding in Scotland, who does what? -- Preparing a business flood plan -- Flood protection measures -- Flood protection products -- Increasing premises' flood resilience -- During a flood -- After a flood -- Supporting staff who may have suffered from flooding -- Dealing with waste arising from a flood -- Additional advice for the farming sector -- Checklist -- Useful contacts | |
| 520 | _aOffers advice to businesses on preparing for fooding. Suggests that by undertaking such advance preparation, businesses could save 20-90% of losses to stock and moveable equipment, and also cut down the time needed to get the business back to normal again afterwards. | ||
| 521 | _aIntroductory | ||
| 590 | _aKA | ||
| 651 | 4 |
_aScotland _y1999- |
|
| 690 | _aENVIRONMENTAL AND LAND CONSULTANCY-WATER RESOURCE MANAGEMENT-FLOODING | ||
| 710 | 1 | _aScottish Flood Forum | |
| 856 | 4 | 0 |
_uhttps://www.sepa.org.uk/flooding/flooding_publications.aspx _zView the guide free of charge at www.sepa.org.uk... |
| 942 | _n0 | ||
| 999 |
_c109574 _d109574 |
||